Pays en T - Statistiques

Statistiques générales
  • Ce quiz a été pris 1 446 fois
    1 442 depuis la dernière actualisation
  • Le résultat moyen est 9 sur 14
Statistiques - réponses
Pays % Correct
Turquie
91%
Tunisie
81%
Turkménistan
81%
Tanzanie
80%
Togo
75%
Tadjikistan
73%
Thaïlande
70%
Tuvalu
64%
Trinité-et-Tobago
60%
Taiwan
57%
Tonga
57%
Tchad
49%
Timor oriental
48%
République tchèque
38%
Aucun quiz correspondant
Distribution des résultats
% des personnes avec chaque résultat
Percentile par nombre de réponses
Votre historique - résultats
Vous n’avez pas pris ce quiz depuis la dernière actualisation